000 00533nam a22001937a 4500
003 OSt
005 20161110192456.0
008 161110b xxu||||| |||| 00| 0 eng d
020 _a0521778271
040 _cDDC.
082 _a530.4TAY 2002.
100 _aTaylor,L.Philip;Heinonem, Olle;
_911278
245 _aA quantum approach to Condensed Matter Physics.
260 _aUK;
_bCambridge,
_c2002.
300 _ax,414p;
_bill;
_c25cm.
504 _aincludes bibliography and index.
650 _aPhysics.
_9809
942 _2ddc
_cO_SHELF
999 _c5393
_d5393